000 00883nam a22001937a 4500
005 20111201163417.0
008 111201s1969 ku||||| ||| 00| 0ara d
082 _222
_a229
_bد ر ا
100 _927985
_aدراز، محمد عبد الله
245 _aالنبأ العظيم :
_bنظرات جديدة في القرآن /
_cمحمد عبد الله دراز.
260 _aالكويت :
_bدار القلم للطباعة والنشر والتوزيع،
_c1969.
300 _a215 ص. ؛
_c24 سم.
505 _aيشتمل على ارجاعات ببليوجرافية.
650 _913683
_aالقرآن، مباحث عامة
650 _914884
_aالقرآن، علوم
653 _bAra
_cDecember2011
942 _2ddc
_cBB
999 _c16290
_d16290